كتاب الأربعين : (رقم التسجيلة. 98953)

تفاصيل مارك
000 -الفاتح
عناصر البيانات ثابتة الطول 00832cam a2200193 i 4500
005 - تاريخ ووقت آخر معاملة
حقل ضبط 20251202111745.0
008 - عناصر البيانات ثابتة الطول
عناصر البيانات ثابتة الطول 250721s1995 le gr 000 0 ara d
082 14 - رقم تصنيف ديوي العشري
رقم التصنيف 213.63
رقم المادة ص ا ل
100 1# - مدخل رئيسي – اسم شخصي
الاسم الشخصي الصالحي، شمس الدين محمد بن علي بن طولون
تواريخ خاصة بالشخص -953ه،
علاقة الشخص بالعمل/ دوره مؤلف.
245 10 - بيان العنوان
العنوان كتاب الأربعين :
بقية العنوان في فضل الرحمة والراحمين /
بيان المسؤولية شمس الدين محمد بن علي بن طولون الصالحي ؛ حققه وخرج احاديثه محمد خير رمضان يوسف.
264 31 - بيانات النشر، التوزيع…إلخ
مكان النشر، التوزيع...إلخ بيروت :
اسم الناشر، الموزع...إلخ إبن حزم للطباعة والنشر،
تاريخ النشر، التوزيع...إلخ 1995.
300 ## - الوصف المادي
عدد الوحدات المكونة للوعاء 175صفحه.
650 17 - مدخل إضافي بالموضوع - مصطلح موضوعي
مصطلح موضوعي أو اسم جغرافي كعنصر مدخل الأحاديث.
650 17 - مدخل إضافي بالموضوع - مصطلح موضوعي
مصطلح موضوعي أو اسم جغرافي كعنصر مدخل الرحمة.
650 17 - مدخل إضافي بالموضوع - مصطلح موضوعي
مصطلح موضوعي أو اسم جغرافي كعنصر مدخل الله.
650 17 - مدخل إضافي بالموضوع - مصطلح موضوعي
مصطلح موضوعي أو اسم جغرافي كعنصر مدخل العقيدة الدينية.
942 ## - بيانات إضافية (كوها)
نوع التنصيف Dewey Decimal Classification
نوع المادة (كوها) كتب
المقتنيات
حالة السحب حالة الفقدان مصدر التصنيف حالة التلف غير قابل للإعارة المكتبة الرئيسية المكتبة الحالية موقع الرف تاريخ التزويد الرقم المتسلسل Total Checkouts رقم الإستدعاء الباركود تاريخ آخر ظهور تاريخ الفاتورة نوع المادة (كوها)
    Dewey Decimal Classification     المكتبة المركزية المكتبة المركزية الإعارة 28/07/2025 1003383   213.63 / ص ا ل 1003383 28/07/2025 28/07/2025 كتب
Implemented & Customized by: BBB with SCIT (Smart Chains for Information Technology)

Powered by Koha